[Event "Jaffna op"]
[Site "Jaffna"]
[Date "2023.12.11"]
[Round "7"]
[White "Sahu, Sekhar Chandra"]
[Black "Vipooshanan, Janarthanan"]
[Result "1-0"]
[WhiteElo "1971"]
[BlackElo "1305"]
[PlyCount "87"]
[EventDate "2023.12.08"]
[EventType "swiss"]
[EventRounds "10"]
[EventCountry "SRI"]
[SourceTitle "CB51_2023"]
[SourceDate "2023.12.20"]
[SourceVersion "1"]
[SourceVersionDate "2023.12.20"]
[SourceQuality "1"]

1. e4 c6 2. d4 d5 3. e5 Bf5 4. Nf3 e6 5. Be2 c5 6. 0-0 Nc6 7. c3 a6 8. Be3 cxd4 9. Nxd4 Nge7 10. f4 Nxd4 11. cxd4 Bxb1 12. Rxb1 Qd7 13. Rf3 Nc6 14. g4 h5 15. Rh3 g6 16. Rc1 h4 17. Bd3 Nb4 18. Bb1 Be7 19. Qf3 Rc8 20. Rxc8+ Qxc8 21. a3 Nc6 22. Bf2 Qd8 23. Qb3 b5 24. Kh1 Kd7 25. Qc2 Qb6 26. Rc3 Rc8 27. Qd1 Na7 28. Rxc8 Kxc8 29. Qc1+ Qc6 30. Qd2 Kb7 31. f5 gxf5 32. gxf5 Qe8 33. Qh6 exf5 34. Bxf5 Nc6 35. Qg7 Qf8 36. Qh7 Bg5 37. Be6 Ne7 38. Bxf7 Kc6 39. Be1 Qh6 40. Be8+ Kb6 41. Qc2 Nc6 42. Qc5+ Kb7 43. Qxd5 Bd8 44. e6 1-0

[Event "Udaipur Pandiyar op 8th"]
[Site "Udaipur"]
[Date "2023.10.19"]
[Round "9"]
[White "Sahu, Sekhar Chandra"]
[Black "Suresh, Kolavapalli"]
[Result "1-0"]
[WhiteElo "1988"]
[BlackElo "1576"]
[PlyCount "117"]
[EventDate "2023.10.15"]
[EventType "swiss"]
[EventRounds "9"]
[EventCountry "IND"]
[SourceTitle "Mega2024 Update 01"]
[Source "Chessbase"]
[SourceDate "2023.11.12"]
[SourceVersion "1"]
[SourceVersionDate "2023.11.12"]
[SourceQuality "1"]

1. e4 d6 2. d4 Nd7 3. Nf3 e5 4. Bc4 h6 5. 0-0 Ngf6 6. Qe2 c6 7. a4 Qc7 8. c3 Be7 9. Ba2 Nf8 10. Nh4 Ne6 11. Nf5 Bf8 12. f4 g6 13. Nxd6+ Bxd6 14. fxe5 Bxe5 15. dxe5 Qxe5 16. Qf3 Ke7 17. Nd2 Ng5 18. Qf2 Ng4 19. Qf4 Qxf4 20. Rxf4 Ne5 21. b3 c5 22. Ba3 Ne6 23. Rff1 Rd8 24. Nf3 Nxf3+ 25. gxf3 Ke8 26. b4 cxb4 27. cxb4 Nd4 28. Bc1 Ne2+ 29. Kf2 Nxc1 30. Rfxc1 Rd2+ 31. Ke3 Rd7 32. Rc3 Re7 33. Rac1 Be6 34. Bxe6 Rxe6 35. Rc7 Rb8 36. h4 Rb6 37. Rd1 Rc6 38. Rdd7 Rxc7 39. Rxc7 Kf8 40. e5 Re8 41. Rxb7 Rxe5+ 42. Kd4 Rh5 43. Kc3 a5 44. Rb5 axb4+ 45. Rxb4 Rf5 46. Kc4 Rxf3 47. a5 Ra3 48. Kb5 Ke7 49. a6 Rxa6 50. Kxa6 Ke6 51. Kb5 Kf5 52. Rd4 Ke5 53. Kc4 f5 54. Rd5+ Kf4 55. Rd6 g5 56. Rxh6 gxh4 57. Rxh4+ Ke3 58. Rh3+ Ke2 59. Kd4 1-0

[Event "Udaipur Pandiyar op 8th"]
[Site "Udaipur"]
[Date "2023.10.15"]
[Round "1"]
[White "Sahu, Sekhar Chandra"]
[Black "Shirish, Khodwe"]
[Result "1-0"]
[WhiteElo "1988"]
[BlackElo "1231"]
[PlyCount "133"]
[EventDate "2023.10.15"]
[EventType "swiss"]
[EventRounds "9"]
[EventCountry "IND"]
[SourceTitle "Mega2024 Update 01"]
[Source "Chessbase"]
[SourceDate "2023.11.12"]
[SourceVersion "1"]
[SourceVersionDate "2023.11.12"]
[SourceQuality "1"]

1. e4 c5 2. Nf3 e6 3. d4 cxd4 4. Nxd4 Nf6 5. Bd3 a6 6. 0-0 Qc7 7. Qe2 Bd6 8. Kh1 Nc6 9. Nxc6 bxc6 10. Na3 e5 11. Nc4 Be7 12. Bd2 a5 13. Qe1 Bd8 14. f4 d6 15. Bc3 Nd7 16. fxe5 Nxe5 17. Qg3 f6 18. Rad1 Be6 19. Ne3 0-0 20. Be2 Be7 21. a4 Rad8 22. Qe1 Ra8 23. Nf5 Bxf5 24. Rxf5 g6 25. Rf1 Rfd8 26. Qg3 d5 27. Bxe5 fxe5 28. exd5 cxd5 29. Bf3 Rab8 30. Bxd5+ Kh8 31. b3 Rf8 32. Be4 Rxf1+ 33. Rxf1 Rf8 34. Rd1 Rf4 35. Qd3 Rf8 36. g3 Rd8 37. Bd5 Kg7 38. Kg2 Rf8 39. Qc4 Qc5 40. Qxc5 Bxc5 41. Rf1 Rxf1 42. Kxf1 Kf6 43. Ke2 e4 44. Bxe4 Ke5 45. Kd3 Bb6 46. c3 Bc5 47. Bb7 h5 48. Kc4 Bb6 49. Kb5 Bc7 50. h3 g5 51. Bf3 h4 52. gxh4 gxh4 53. Kc6 Bd8 54. b4 Bf6 55. bxa5 Kf4 56. a6 Kxf3 57. a7 Kg3 58. a8Q Kxh3 59. Qg8 Kh2 60. Qg6 Be5 61. Qe4 Bg3 62. Qe2+ Kg1 63. Qf3 Kh2 64. Qf1 h3 65. a5 Bb8 66. Kb7 Be5 67. Qe1 1-0

[Event "Bhubaneswar op-A 14th"]
[Site "Bhubaneswar"]
[Date "2023.06.13"]
[Round "3"]
[White "Singla, Aaryan"]
[Black "Sahu, Sekhar Chandra"]
[Result "1/2-1/2"]
[WhiteElo "1630"]
[BlackElo "2013"]
[PlyCount "57"]
[EventDate "2023.06.11"]
[EventType "swiss"]
[EventRounds "10"]
[EventCountry "IND"]
[SourceTitle "CBM 214 Extra"]
[Source "ChessBase"]
[SourceDate "2023.07.31"]
[SourceVersion "1"]
[SourceVersionDate "2023.07.31"]
[SourceQuality "1"]

1. d4 Nf6 2. c4 e6 3. Nc3 Bb4 4. e3 c5 5. Nge2 d6 6. a3 Ba5 7. b4 cxb4 8. axb4 Bxb4 9. Qb3 Bxc3+ 10. Nxc3 0-0 11. Be2 Nc6 12. 0-0 b6 13. Ba3 Qe7 14. Rfd1 Rd8 15. Nb5 Bb7 16. Rac1 Rab8 17. c5 bxc5 18. dxc5 d5 19. Qa4 Ra8 20. Nd6 h6 21. Bb5 Qc7 22. Bb2 Qa5 23. Qf4 Qb4 24. Qxb4 Nxb4 25. f3 Bc6 26. Bxf6 gxf6 27. Rb1 Bxb5 28. Rxb4 Be8 29. Ra1 1/2-1/2

[Event "BAN-chT Premier"]
[Site "Dhaka"]
[Date "2021.03.19"]
[Round "1.1"]
[White "Reefat, Bin Sattar"]
[Black "Sahu, Sekhar Chandra"]
[Result "1/2-1/2"]
[WhiteElo "2409"]
[BlackElo "2049"]
[PlyCount "78"]
[EventDate "2021.03.19"]
[EventType "team-tourn"]
[EventRounds "11"]
[EventCountry "BAN"]
[SourceTitle "CBM 201 Extra"]
[Source "ChessBase"]
[SourceDate "2021.05.31"]
[SourceVersion "1"]
[SourceVersionDate "2021.05.31"]
[SourceQuality "1"]
[WhiteTeam "SAIF Sporting Club"]
[BlackTeam "Sonali Bank Sports"]
[WhiteTeamCountry "BAN"]
[BlackTeamCountry "BAN"]

1. e4 c5 2. b3 Nc6 3. Bb2 a6 4. Nf3 d6 5. d4 cxd4 6. Nxd4 Nf6 7. Nd2 d5 8. Nxc6 bxc6 9. e5 Nd7 10. e6 fxe6 11. Bd3 Qc7 12. Qh5+ Kd8 13. 0-0-0 a5 14. a4 Qf4 15. Kb1 g6 16. Qe2 e5 17. g3 Qf7 18. f4 Nc5 19. Qe3 e6 20. Bxe5 Rg8 21. Bd4 Nxd3 22. cxd3 Qb7 23. Rc1 Bb4 24. Bc3 Bd6 25. Ka2 Bd7 26. Rc2 Ke7 27. Rhc1 Kf7 28. Be5 Be7 29. g4 c5 30. Qh3 Rh8 31. Rxc5 Qb4 32. R5c2 h5 33. gxh5 Rxh5 34. Qg3 Ra7 35. d4 Rb7 36. Qd3 Rxh2 37. Rg1 Rh6 38. Nb1 Bxa4 39. Rb2 Bb5 1/2-1/2

[Event "Udaipur Lakecity blitz op 1st"]
[Site "Udaipur"]
[Date "2019.09.16"]
[Round "4"]
[White "Sahu, Sekhar Chandra"]
[Black "Dadwani, Sahil"]
[Result "1-0"]
[WhiteElo "2071"]
[BlackElo "1593"]
[PlyCount "121"]
[EventDate "2019.09.16"]
[EventType "swiss (blitz)"]
[EventRounds "9"]
[EventCountry "IND"]
[SourceTitle "EXT 2020"]
[Source "ChessBase"]
[SourceDate "2019.10.17"]
[SourceVersion "1"]
[SourceVersionDate "2019.10.17"]
[SourceQuality "1"]

1. e4 c5 2. Nf3 e6 3. Qe2 Nc6 4. c3 d6 5. g3 Nf6 6. Bg2 Be7 7. 0-0 0-0 8. Re1 Qc7 9. d4 Rd8 10. Na3 a6 11. e5 dxe5 12. dxe5 Nd5 13. h4 b5 14. c4 bxc4 15. Nxc4 Bb7 16. Bg5 Bxg5 17. Nxg5 Nd4 18. Qd3 g6 19. Nd6 Rxd6 20. exd6 Qxd6 21. a3 Rd8 22. Rac1 a5 23. Ne4 Qb6 24. Nxc5 Nf5 25. Qb3 Qxb3 26. Nxb3 Nfe7 27. Nxa5 Ba6 28. Nc6 Nxc6 29. Rxc6 Bb5 30. Rc5 Be8 31. Bxd5 exd5 32. Rxe8+ Rxe8 33. Rxd5 Re1+ 34. Kg2 Re2 35. b4 Rb2 36. Ra5 Kf8 37. b5 Ke8 38. a4 Kd8 39. Ra8+ Kc7 40. Ra7+ Kb6 41. Rxf7 Rb4 42. Rxh7 Rxa4 43. Rh6 Kxb5 44. Rxg6 Kc5 45. h5 Kd5 46. h6 Ra8 47. g4 Ke5 48. Kg3 Ra3+ 49. f3 Ra8 50. f4+ Ke4 51. Re6+ Kd5 52. Re2 Ra3+ 53. Kh4 Ra6 54. g5 Ra1 55. g6 Rh1+ 56. Kg5 Rg1+ 57. Kf6 Rh1 58. h7 Kd6 59. Kg7 Kd7 60. h8Q Rxh8 61. Kxh8 1-0

[Event "Hyderabad op 3rd"]
[Site "Hyderabad"]
[Date "2019.08.22"]
[Round "4"]
[White "Karthikeyan, Pandian"]
[Black "Sahu, Sekhar Chandra"]
[Result "1-0"]
[WhiteElo "2422"]
[BlackElo "2070"]
[PlyCount "69"]
[EventDate "2019.08.20"]
[EventType "swiss"]
[EventRounds "10"]
[EventCountry "IND"]
[SourceTitle "EXT 2020"]
[Source "ChessBase"]
[SourceDate "2019.10.17"]
[SourceVersion "1"]
[SourceVersionDate "2019.10.17"]
[SourceQuality "1"]

1. Nf3 d6 2. d4 Nf6 3. Bg5 g6 4. Nbd2 Bg7 5. e4 0-0 6. c3 c5 7. dxc5 dxc5 8. Bc4 Nc6 9. Qe2 Ng4 10. 0-0-0 Qc7 11. Bd5 Nce5 12. Kb1 e6 13. Bb3 Nc6 14. Ne1 Nf6 15. h4 Na5 16. Bc2 b5 17. h5 Rb8 18. Qf3 Ne8 19. Qh3 e5 20. Qh4 f6 21. hxg6 hxg6 22. Be3 Kf7 23. Nd3 Nc4 24. Bb3 Be6 25. Nxc5 Qc8 26. Nxc4 bxc4 27. Bxc4 Nc7 28. Rd7+ Ke8 29. Rxc7 Qxc7 30. Bxe6 Ke7 31. Qg4 Rh8 32. Rxh8 Rxh8 33. Qxg6 Kd6 34. Bd5 Rb8 35. Ne6 1-0

[Event "Rajkot RCPA op 2nd"]
[Site "Rajkot"]
[Date "2019.08.15"]
[Round "5"]
[White "Trivedi Karan, R."]
[Black "Sahu, Sekhar Chandra"]
[Result "1-0"]
[WhiteElo "1886"]
[BlackElo "2070"]
[PlyCount "103"]
[EventDate "2019.08.13"]
[EventType "swiss"]
[EventRounds "10"]
[EventCountry "IND"]
[SourceTitle "EXT 2021"]
[Source "ChessBase"]
[SourceDate "2020.10.23"]
[SourceVersion "1"]
[SourceVersionDate "2020.10.23"]
[SourceQuality "1"]

1. d4 Nf6 2. Nf3 a6 3. Bf4 g6 4. e3 Bg7 5. Be2 d6 6. h3 0-0 7. 0-0 b6 8. c4 c5 9. Nc3 cxd4 10. exd4 Nc6 11. d5 Na5 12. Rc1 Bd7 13. b4 Nb7 14. Nd4 Rc8 15. Be3 Qe8 16. Nb3 Qd8 17. Qd4 b5 18. c5 dxc5 19. bxc5 Ng4 20. Qd2 Nxe3 21. Qxe3 Be8 22. Rfd1 Qc7 23. Ne4 Qe5 24. Kh1 f5 25. Ng5 Qxe3 26. fxe3 Bb2 27. Rc2 Ba3 28. Ne6 Rf6 29. Bf3 Nd8 30. Nxd8 Rxd8 31. d6 Kf8 32. Bb7 Re6 33. Rd3 Re5 34. Nd4 Bb4 35. a3 Ba5 36. Nf3 Re6 37. Nd4 Re5 38. Nb3 Be1 39. Re2 Bg3 40. e4 f4 41. d7 Rxd7 42. Rxd7 Bxd7 43. c6 f3 44. Re3 fxg2+ 45. Kxg2 Bxc6 46. Bxc6 Bh4 47. Bd5 e6 48. Bb7 Bg5 49. Rf3+ Kg7 50. Nd4 Bf6 51. Kf1 Kf7 52. Nc6 1-0

[Event "Rajkot RCPA op 2nd"]
[Site "Rajkot"]
[Date "2019.08.14"]
[Round "2"]
[White "Sahu, Sekhar Chandra"]
[Black "Aneri, Ketan Kanjar"]
[Result "1-0"]
[WhiteElo "2070"]
[BlackElo "1315"]
[PlyCount "139"]
[EventDate "2019.08.13"]
[EventType "swiss"]
[EventRounds "10"]
[EventCountry "IND"]
[SourceTitle "EXT 2021"]
[Source "ChessBase"]
[SourceDate "2020.10.23"]
[SourceVersion "1"]
[SourceVersionDate "2020.10.23"]
[SourceQuality "1"]

1. d4 Nf6 2. c4 g6 3. Nc3 Bg7 4. e4 d6 5. Be2 0-0 6. Nf3 Re8 7. 0-0 Nbd7 8. Qc2 e5 9. d5 a5 10. Rb1 Nc5 11. Bd2 Nh5 12. Na4 Nxa4 13. Qxa4 Bd7 14. Qd1 f5 15. Ng5 Nf4 16. Bxf4 exf4 17. Ne6 Bxe6 18. dxe6 fxe4 19. Qd5 c6 20. Qxe4 Qg5 21. g3 Be5 22. h4 Qf5 23. Qxf5 gxf5 24. gxf4 Bxf4 25. Bd3 Rxe6 26. Bxf5 Rh6 27. Rfe1 Kf7 28. Kg2 Rxh4 29. Rh1 Rxh1 30. Rxh1 h6 31. Kf3 Bg5 32. Bg4 Kg7 33. Rd1 Rf8+ 34. Kg2 Bf4 35. Rd3 Kf6 36. Rb3 Rb8 37. Bf3 a4 38. Rb4 c5 39. Rxa4 b5 40. cxb5 Rxb5 41. Rxf4+ Kg5 42. Rg4+ Kf5 43. b3 Ra5 44. Ra4 Rb5 45. Rh4 Kg5 46. Rh5+ Kg6 47. Rd5 Rb6 48. Be2 Kf6 49. f4 Rc6 50. Kf3 Rb6 51. Ke3 Rc6 52. Kd2 Rb6 53. Kc3 Rc6 54. a4 Rb6 55. a5 Rb8 56. Rxd6+ Kf5 57. Rxh6 Kxf4 58. Rc6 Ke3 59. Bc4 Ra8 60. Rxc5 Ke4 61. a6 Kf4 62. b4 Rh8 63. b5 Ke4 64. a7 Rh3+ 65. Kb4 Rh8 66. b6 Kd4 67. b7 Rd8 68. b8Q Re8 69. Qf4+ Re4 70. Qd2# 1-0

[Event "Bhubaneswar op 10th"]
[Site "Bhubaneswar"]
[Date "2017.06.02"]
[Round "10"]
[White "Erigaisi, Arjun Kumar"]
[Black "Sahu, Sekhar Chandra"]
[Result "1-0"]
[WhiteElo "2338"]
[BlackElo "2167"]
[PlyCount "109"]
[EventDate "2017.05.26"]
[EventType "swiss"]
[EventRounds "10"]
[EventCountry "IND"]
[SourceTitle "CBM 178 Extra"]
[Source "ChessBase"]
[SourceDate "2017.06.22"]
[SourceVersion "1"]
[SourceVersionDate "2017.06.22"]
[SourceQuality "1"]

1. d4 Nf6 2. c4 e6 3. Nc3 Bb4 4. e3 0-0 5. Nge2 Re8 6. a3 Bf8 7. Ng3 d6 8. Bd3 e5 9. d5 c6 10. e4 a6 11. b4 a5 12. Rb1 axb4 13. axb4 Na6 14. 0-0 c5 15. bxc5 Nxc5 16. Be3 Ng4 17. Bxc5 dxc5 18. h3 Nf6 19. Nb5 g6 20. Ra1 Ra6 21. Rxa6 bxa6 22. Na7 Bd7 23. Bc2 Qc7 24. Nc6 Bxc6 25. dxc6 Rd8 26. Qa1 Qxc6 27. Qxe5 Rd4 28. Rd1 Rxc4 29. Bb3 Rb4 30. Qc3 c4 31. Bc2 Rb8 32. e5 Ne8 33. Be4 Qa4 34. Rc1 Bh6 35. Ra1 Qb3 36. Qe1 Rd8 37. Rb1 Qa4 38. Kh2 Bd2 39. Qe2 c3 40. e6 fxe6 41. Bc2 Qc6 42. Ne4 Kg7 43. Rb4 a5 44. Rc4 Qb5 45. Nc5 Rd5 46. Nxe6+ Kf6 47. Ba4 Qb8+ 48. f4 Nd6 49. Nc7 Qg8 50. Nxd5+ Qxd5 51. Rc6 Bxf4+ 52. g3 Be5 53. Qf2+ Ke6 54. Rc7 h5 55. Bd7+ 1-0

[Event "Bhubaneswar Pillai Memorial"]
[Site "Bhubaneswar"]
[Date "2016.11.20"]
[Round "1"]
[White "Sahu, Sekhar Chandra"]
[Black "Nilotpal, Pradhan"]
[Result "1-0"]
[WhiteElo "2185"]
[BlackElo "1155"]
[PlyCount "93"]
[EventDate "2016.11.20"]
[EventType "swiss"]
[EventRounds "11"]
[EventCountry "IND"]
[SourceTitle "CBM 175 Extra"]
[Source "ChessBase"]
[SourceDate "2016.12.12"]
[SourceVersion "1"]
[SourceVersionDate "2016.12.12"]
[SourceQuality "1"]

1. e4 d5 2. exd5 Qxd5 3. Nc3 Qa5 4. d4 c6 5. Nf3 Bg4 6. h3 Bh5 7. Bd2 Nd7 8. g4 Bg6 9. Nh4 Ngf6 10. Nxg6 hxg6 11. Qf3 e6 12. 0-0-0 0-0-0 13. Kb1 Qb6 14. g5 Ba3 15. Na4 Qc7 16. Qxa3 Ne4 17. Be3 b5 18. Nc3 Nxc3+ 19. Qxc3 a6 20. Bg2 Kb7 21. Rd3 Nb6 22. Qa5 Nd5 23. Qxc7+ Nxc7 24. c4 Rd6 25. Rb3 Kc8 26. c5 Rdd8 27. Bxc6 Nd5 28. a4 Nxe3 29. fxe3 bxa4 30. Rb6 Rh5 31. h4 a5 32. Ra6 Kc7 33. Bf3 Rhh8 34. Rxa5 Rb8 35. Rxa4 Rhc8 36. b4 Kd8 37. Kc2 Ke7 38. h5 gxh5 39. Ra7+ Kf8 40. Rxh5 Kg8 41. Kc3 Re8 42. Kc4 e5 43. Bd5 Rf8 44. g6 exd4 45. gxf7+ Rxf7 46. Bxf7+ Kf8 47. Rh8# 1-0

[Event "IND-chT 35th"]
[Site "Goa"]
[Date "2015.02.25"]
[Round "8"]
[White "Sahu, Sekhar Chandra"]
[Black "Laxman, Rajaram"]
[Result "0-1"]
[WhiteElo "2186"]
[BlackElo "2376"]
[PlyCount "142"]
[EventDate "2015.02.20"]
[EventType "team-swiss"]
[EventRounds "9"]
[EventCountry "IND"]
[SourceTitle "CBM 165 Extra"]
[Source "ChessBase"]
[SourceDate "2015.04.21"]
[SourceVersion "1"]
[SourceVersionDate "2015.04.21"]
[SourceQuality "1"]
[WhiteTeam "All India CF"]
[BlackTeam "Railway Sports II"]
[WhiteTeamCountry "IND"]
[BlackTeamCountry "IND"]

1. e4 e5 2. Nc3 Nf6 3. g3 Nc6 4. Bg2 Bc5 5. Nge2 a6 6. d3 d6 7. 0-0 Be6 8. Nd5 h6 9. c3 Ba7 10. d4 exd4 11. cxd4 Bxd5 12. exd5 Ne7 13. Qa4+ Qd7 14. Qxd7+ Kxd7 15. Nc3 Bxd4 16. Rd1 Ba7 17. Bh3+ Ke8 18. Re1 Kf8 19. Be3 Bxe3 20. Rxe3 Nexd5 21. Nxd5 Nxd5 22. Rb3 Rb8 23. Rc1 c5 24. Rd3 Nf6 25. Rxd6 b6 26. Rc6 h5 27. Rd1 Rh6 28. Rc7 Ne4 29. Bg2 Rd6 30. Rxd6 Nxd6 31. Bd5 Rd8 32. a4 a5 33. h4 g6 34. b3 f6 35. Kg2 Nf5 36. Bc4 Rd6 37. Rf7+ Ke8 38. Rh7 Ne7 39. Bf7+ Kf8 40. Bc4 Nc6 41. Rf7+ Ke8 42. Rb7 Ne5 43. Bb5+ Kf8 44. Kf1 Nf3 45. Bc4 Nd2+ 46. Ke2 Nxc4 47. bxc4 Ke8 48. Ke3 Kd8 49. Ke2 g5 50. hxg5 fxg5 51. Rg7 g4 52. Rg8+ Kc7 53. Rg7+ Kc6 54. Rh7 Rd4 55. Rh6+ Kb7 56. Rh7+ Ka6 57. Rxh5 Rxc4 58. f4 gxf3+ 59. Kxf3 Rxa4 60. g4 Ra3+ 61. Kf4 Ra4+ 62. Kf5 Ra1 63. g5 Rf1+ 64. Ke5 Rg1 65. Kf6 c4 66. Rh7 Kb5 67. g6 c3 68. Rh2 Kb4 69. g7 b5 70. Rh1 Rxg7 71. Kxg7 c2 0-1

[Event "Budapest FS05 IM"]
[Site "Budapest"]
[Date "2011.05.14"]
[Round "8"]
[White "Sahu, Sekhar Chandra"]
[Black "Battey, Alexander"]
[Result "1/2-1/2"]
[WhiteElo "2227"]
[BlackElo "2269"]
[PlyCount "26"]
[EventDate "2011.05.07"]
[EventType "tourn"]
[EventRounds "11"]
[EventCountry "HUN"]
[SourceTitle "CBM 142 Extra"]
[Source "ChessBase"]
[SourceDate "2011.06.27"]
[SourceVersion "1"]
[SourceVersionDate "2011.06.27"]
[SourceQuality "1"]

1. d4 d5 2. c4 e6 3. Nc3 c5 4. cxd5 exd5 5. Nf3 Nc6 6. g3 Nf6 7. Bg2 Be7 8. 0-0 0-0 9. dxc5 Bxc5 10. Bg5 d4 11. Bxf6 Qxf6 12. Ne4 Qe7 13. Nxc5 Qxc5 1/2-1/2

[Event "Budapest FS05 IM"]
[Site "Budapest"]
[Date "2011.05.12"]
[Round "6"]
[White "Sahu, Sekhar Chandra"]
[Black "Farago, Sandor"]
[Result "1-0"]
[WhiteElo "2227"]
[BlackElo "2281"]
[PlyCount "89"]
[EventDate "2011.05.07"]
[EventType "tourn"]
[EventRounds "11"]
[EventCountry "HUN"]
[SourceTitle "CBM 142 Extra"]
[Source "ChessBase"]
[SourceDate "2011.06.27"]
[SourceVersion "1"]
[SourceVersionDate "2011.06.27"]
[SourceQuality "1"]

1. d4 Nf6 2. c4 g6 3. Nc3 Bg7 4. e4 d6 5. h3 0-0 6. Bg5 c5 7. d5 Qa5 8. Bd2 e6 9. Nf3 a6 10. a4 Re8 11. Bd3 exd5 12. cxd5 Qc7 13. 0-0 Nbd7 14. Bf4 Rb8 15. Re1 Nh5 16. Bh2 Ne5 17. Be2 Nxf3+ 18. Bxf3 Nf6 19. e5 dxe5 20. Rxe5 Rxe5 21. d6 Qb6 22. Bxe5 Bd7 23. Ra3 c4 24. b3 Ne4 25. Nxe4 Bxe5 26. bxc4 Qb4 27. Ra1 Qxc4 28. a5 Rc8 29. Rb1 Bc6 30. Rc1 Qb4 31. d7 Rd8 32. Nc5 Qf4 33. Bxc6 bxc6 34. g3 Qg5 35. Kg2 Bb2 36. Rc2 Qe7 37. Qe2 Bf6 38. Qxa6 Kg7 39. Qd3 Be5 40. a6 Bb8 41. Qc3+ Kg8 42. Qa5 Rxd7 43. Nxd7 Qe4+ 44. Kg1 Qxc2 45. Qd8+ 1-0